NFL Draft 2009 Quarterbacks Drafted - Statistics

General Stats
  • This quiz has been taken 14 times
  • The average score is 3 of 11
Answer Stats
Round Player Team College % Correct
1 Matthew Stafford Lions Georgia
100%
1 Mark Sanchez Jets USC
77%
1 Josh Freeman Buccaneers Kansas State
54%
2 Pat White Dolphins West Virginia
23%
6 Curtis Painter Colts Purdue
15%
6 Keith Null Rams West Texas A&M
8%
6 Mike Teel Seahawks Rutgers
8%
5 Nate Davis 49ers Ball State
8%
5 Rhett Bomar Giants Sam Houston State
8%
4 Stephen McGee Cowboys Texas A&M
8%
6 Tom Brandstater Broncos Fresno State
8%
No matching quizzes found
Score Distribution
Percent of People with Each Score
Percentile by Number Answered
Your Score History
You have not taken this quiz